[Event "Chess.com RCC Wk24 Swiss"]
[Site "chess.com INT"]
[Date "2022.08.06"]
[Round "4"]
[White "Grischuk,A"]
[Black "Nakamura,Hi"]
[Result "0-1"]
[WhiteElo "2745"]
[BlackElo "2768"]

1.d4 f5 2.Bg5 c6 3.Nc3 Qb6 4.Rb1 Nf6 5.e3 g6 6.Bxf6 exf6 7.d5 d6 8.Nge2 Nd7
9.g3 Ne5 10.Bg2 Bd7 11.Nf4 Qa6 12.Nce2 Be7 13.O-O O-O 14.Nd4 c5 15.Nde6 Rfc8
16.a3 Kh8 17.Re1 b5 18.h4 Qb6 19.h5 g5 20.Nd3 Rg8 21.Nxe5 fxe5 22.g4 fxg4
23.Qxg4 Raf8 24.Be4 Rf6 25.Bf5 Rgf8 26.e4 Bxe6 27.dxe6 d5 28.f3 d4 29.Kg2 h6
30.b3 Qa5 31.Qg3 Bd6 32.a4 b4 33.Qf2 c4 34.bxc4 Qc5 35.Qe2 a5 36.Rh1 Rc8
37.Rbc1 Qxc4 38.Qxc4 Rxc4 39.Kf2 Rf8 40.Ke2 Kg7 41.Kd2 Kf6 42.Rb1 Rfc8 43.Rhc1 Ke7
44.Rb3 Rf8 45.Kd3 Rc7 46.Kd2 Ra8 47.Kd3 Rc5 48.Kd2 Kf6 49.Rd1 Be7 50.Rc1 Kg7
51.Bg4 Rac8 52.Kd3 Kf8 53.Kd2 Ke8 54.Kd3 Rc3+ 55.Kd2 R8c7 56.Kd1 R3c6 57.Kd2 Kd8
58.Kd3 Kc8 59.Kd2 Kb7 60.Kd3 Ka7 61.Kd2 Bc5 62.Kd3 Bb6 63.Kd2 Re7 64.Kd3 Kb7
65.Kd2 Kc7 66.Kd3 Kd6 67.Kd2 Rec7 68.Kd3 Rc3+ 69.Kd2 d3 70.Rxc3 Rxc3 71.Kd1 Be3  0-1

[Event "Chess.com RCC Wk24 Swiss"]
[Site "chess.com INT"]
[Date "2022.08.06"]
[Round "5"]
[White "Nakamura,Hi"]
[Black "Sarana,A"]
[Result "1/2-1/2"]
[WhiteElo "2768"]
[BlackElo "2662"]

1.Nf3 d5 2.e3 c5 3.b3 Nc6 4.Bb2 a6 5.d4 cxd4 6.Nxd4 Nf6 7.Nd2 e6 8.Nxc6 bxc6
9.Bd3 Be7 10.c4 O-O 11.Qc2 h6 12.O-O a5 13.a3 Ba6 14.Nf3 Nd7 15.Rfd1 Bf6
16.Nd4 Qb6 17.Rac1 c5 18.Nb5 Bxb5 19.cxb5 Bxb2 20.Qxb2 a4 21.b4 Rfc8 22.bxc5 Nxc5
23.Qd4 Rc7 24.Rc3 Rac8 25.Rdc1 Qd6 26.Qb4 Ne4 27.Rxc7 Rxc7 28.Rxc7 Qxc7 29.g3 Qc1+
30.Kg2 Nc5 31.Be2 Qc2 32.b6 g5 33.h4 gxh4 34.Qg4+ Kf8 35.gxh4 Qb2 36.Qd4 Qxb6
37.Bh5 Nd7 38.Qh8+ Ke7 39.Qg7 Qb3 40.Qxf7+ Kd6 41.Qf4+ Ke7 42.Qxh6 Qxa3 43.Qg7+ Kd8
44.Qg8+ Kc7 45.Qxe6 Qd6 46.Qxd6+ Kxd6 47.Bd1 Nc5 48.Bc2 a3 49.Bb1 Ne4 50.h5 Ke5
51.h6 Kf6 52.Ba2 Nc3 53.Bb3 a2 54.Bxa2 Nxa2 55.Kf3 Nc3 56.Kf4 Kg6 57.Ke5 Kxh6
58.f4 Kg7 59.Ke6 Kf8 60.f5 Nd1 61.Kxd5 Nxe3+ 62.Ke4 Nxf5  1/2-1/2

[Event "Chess.com RCC Wk24 Swiss"]
[Site "chess.com INT"]
[Date "2022.08.06"]
[Round "6"]
[White "Nakamura,Hi"]
[Black "Bortnyk,Olexandr"]
[Result "1-0"]
[WhiteElo "2768"]
[BlackElo "2604"]

1.e4 d6 2.d4 Nf6 3.Nc3 e5 4.Nf3 Nbd7 5.Bc4 Be7 6.O-O c6 7.a4 h6 8.h3 Qc7
9.Re1 g5 10.a5 Nf8 11.d5 Ng6 12.a6 b5 13.Bb3 b4 14.Ba4 Bd7 15.dxc6 Bxc6 16.Nd5 Nxd5
17.Qxd5 Rc8 18.Be3 Bxa4 19.Rxa4 O-O 20.Rxb4 Qxc2 21.Rb7 Qa4 22.Rxa7 Rc2 23.Ra8 Nf4
24.Rxf8+ Bxf8 25.Qb7 Rc6 26.a7 Ra6 27.Kh2 Nd3 28.b3 Qa3 29.Rd1 d5 30.Rxd3 d4
31.Nxd4 Rxa7 32.Qd5 exd4 33.Bxd4 Ra5 34.Qd8 Qd6+ 35.Qxd6 Bxd6+ 36.g3 Rb5
37.Bf6 Ba3 38.Rd8+ Kh7 39.g4 Bc1 40.Kg2 Bf4 41.Rd3 Kg6 42.Bd4 Rb8 43.Be3 Be5
44.Bc5 h5 45.b4 hxg4 46.hxg4 Kf6 47.Ra3 Ke6 48.Ra6+ Kd7 49.Ra7+ Ke6 50.Kf3 Bc3
51.Ra3 Be5 52.Rb3 Rh8 53.Ke2 Rh4 54.f3 Rh2+ 55.Kd3 Ra2 56.b5 Kd7 57.Ra3 Rb2
58.Kc4 f6 59.Ra7+ Kc8 60.b6 Kd8 61.Kd5 Rc2 62.Kc6 Rc3 63.Ra8+  1-0

[Event "Chess.com RCC Wk24 Swiss"]
[Site "chess.com INT"]
[Date "2022.08.06"]
[Round "7"]
[White "Xiong,Jeffery"]
[Black "Nakamura,Hi"]
[Result "1/2-1/2"]
[WhiteElo "2690"]
[BlackElo "2768"]

1.e4 e5 2.Nf3 Nc6 3.Nc3 Nf6 4.d4 exd4 5.Nxd4 Nxe4 6.Nxe4 Qe7 7.Bd3 Nxd4 8.O-O Ne6
9.Re1 d5 10.Ng3 g6 11.f4  1/2-1/2

[Event "Chess.com RCC Wk24 Swiss"]
[Site "chess.com INT"]
[Date "2022.08.06"]
[Round "8"]
[White "Nakamura,Hi"]
[Black "Salem,AR"]
[Result "1-0"]
[WhiteElo "2768"]
[BlackElo "2679"]

1.e4 c5 2.Nf3 d6 3.c3 Nf6 4.h3 Nc6 5.Bd3 e5 6.O-O g5 7.Bb5 g4 8.hxg4 Bxg4
9.d4 Rg8 10.dxe5 Nd7 11.Qd3 c4 12.Qe3 dxe5 13.Nh2 Be6 14.Nd2 Bc5 15.Qh6 Rg6
16.Qh5 Qb6 17.Bxc4 Nf6 18.Qh4 O-O-O 19.Bxe6+ fxe6 20.Ndf3 Rdg8 21.Bg5 Be7
22.Kh1 h6 23.Bxf6 Bxf6 24.Qh3 Nd8 25.b3 Qc6 26.Rae1 Rxg2 27.Rg1 Rxg1+ 28.Nxg1 Bg5
29.Qd3 Nf7 30.Nh3 Bf4 31.Nf3 Rd8 32.Qc2 Ng5 33.Nfg1 Rd2 34.Qb1 Nxh3 35.Nxh3 Qe8
36.Rg1 Qh5 37.Qf1 b5 38.Rg8+ Kc7 39.Kg2 a6 40.Qh1 Be3 41.Qe1 Qf7 42.Rg4 h5
43.Qxe3 hxg4 44.Qa7+  1-0

[Event "Chess.com RCC Wk24 KO"]
[Site "chess.com INT"]
[Date "2022.08.07"]
[Round "1.2"]
[White "Nakamura,Hi"]
[Black "Sevian,Samuel"]
[Result "1-0"]
[WhiteElo "2768"]
[BlackElo "2684"]

1.e4 e5 2.Nf3 Nc6 3.Bb5 a6 4.Ba4 Nf6 5.O-O Nxe4 6.d4 b5 7.Bb3 d5 8.dxe5 Be6
9.Nbd2 Be7 10.c3 O-O 11.Bc2 f5 12.Nb3 Qd7 13.Re1 Bf7 14.Nfd4 Nxe5 15.f3 c5
16.Nxf5 Qxf5 17.fxe4 Qf6 18.Be3 Rad8 19.Qe2 d4 20.cxd4 cxd4 21.Nxd4 Bc4 22.Bb3 Kh8
23.Bxc4 Nxc4 24.Rf1 Qb6 25.Rxf8+ Bxf8 26.Nf5 Nxe3 27.Nxe3 Bc5 28.Re1 Qa5
29.Kh1 Qxa2 30.Nd5 Rf8 31.h3 Bd6 32.Nc3 Qe6 33.e5 Be7 34.Qe4 h6 35.Nd5 Bg5
36.h4 Bd2 37.Rd1 Rf2 38.Kg1 Qf7 39.e6 Qa7 40.Kh1  1-0

[Event "Chess.com RCC Wk24 KO"]
[Site "chess.com INT"]
[Date "2022.08.07"]
[Round "1.1"]
[White "Sevian,Samuel"]
[Black "Nakamura,Hi"]
[Result "1/2-1/2"]
[WhiteElo "2684"]
[BlackElo "2768"]

1.c4 e5 2.g3 Nf6 3.Bg2 c6 4.Nf3 e4 5.Nd4 Qb6 6.Nb3 a5 7.d3 a4 8.N3d2 exd3
9.O-O Bb4 10.exd3 O-O 11.a3 Bxd2 12.Bxd2 d5 13.Nc3 Bg4 14.Qc2 dxc4 15.dxc4 Qa6
16.Ne4 Nbd7 17.Rfe1 Nxe4 18.Bxe4 Nf6 19.Bd3 c5 20.Bc3 h6 21.Re3 Qc6 22.f3 Bd7
23.Rae1 Rfe8 24.Qf2 Rxe3 25.Rxe3 b6 26.g4 Re8 27.h4 Qd6 28.Rxe8+ Nxe8 29.Bc2 Bc6
30.Qh2 Qxh2+ 31.Kxh2 Nd6 32.Kg3 Nxc4 33.Bd3 Nd6 34.Be5 Ne8 35.h5 Kf8 36.f4 Ke7
37.g5 f6 38.Bc3 Nd6 39.gxh6 gxh6 40.Be1 Be4 41.Be2 Ke6 42.Bg4+ f5 43.Be2 Bc2
44.Kf3 Ne4 45.Bh4 Nf6 46.Bc4+ Ke7 47.Ke3 Bd1 48.Bd3 Ke6 49.Bc4+ Ke7 50.Bd3 Bxh5
51.Bxf5 Be8 52.Bd3 Kf7 53.Bc4+ Kg7 54.f5 Bf7 55.Bb5 Bb3 56.Kf4 Kf7 57.Ke5 Ng4+
58.Kd6 Ne3 59.Ke5 Nc4+ 60.Bxc4+ Bxc4 61.Bd8 b5 62.Bb6 Bb3 63.Bxc5  1/2-1/2

[Event "Chess.com RCC Wk24 KO"]
[Site "chess.com INT"]
[Date "2022.08.07"]
[Round "2.2"]
[White "Nakamura,Hi"]
[Black "Niemann,Hans Moke"]
[Result "0-1"]
[WhiteElo "2768"]
[BlackElo "2687"]

1.Nf3 d5 2.e3 Nf6 3.c4 e6 4.Nc3 c5 5.cxd5 exd5 6.d4 Nc6 7.Bb5 cxd4 8.Nxd4 Bd7
9.O-O Bd6 10.Nf3 a6 11.Be2 Be6 12.b3 O-O 13.Bb2 Qe7 14.Rc1 Rad8 15.Nd4 Bd7
16.Nxc6 Bxc6 17.Nb1 Be5 18.Ba3 Bd6 19.Bxd6 Rxd6 20.Qd4 Ne4 21.Nc3 Ng5 22.Rfd1 Ne6
23.Qb4 d4 24.exd4 Nxd4 25.Bg4 Nf3+  0-1

[Event "Chess.com RCC Wk24 KO"]
[Site "chess.com INT"]
[Date "2022.08.07"]
[Round "2.1"]
[White "Niemann,Hans Moke"]
[Black "Nakamura,Hi"]
[Result "1/2-1/2"]
[WhiteElo "2687"]
[BlackElo "2768"]

1.e4 e5 2.Nf3 Nc6 3.Bc4 Nf6 4.d3 Bc5 5.O-O d6 6.c3 a6 7.a4 Ba7 8.Re1 h6 9.Nbd2 O-O
10.h3 Re8 11.b4 Be6 12.Bxe6 Rxe6 13.Qc2 Qd7 14.Rb1 b5 15.Ra1 Rb8 16.axb5 axb5
17.Nb3 Bb6 18.Be3 Bxe3 19.Rxe3 Ree8 20.Ree1 Qc8 21.Kh2 Nd7 22.Na5 Nxa5 23.Rxa5 c6
24.Qa2 Nf8 25.c4 bxc4 26.Qxc4 Qb7 27.Rc1 Rec8 28.Ra6 Ne6 29.Rxc6 Rxc6 30.Qxc6 Qxb4
31.Qd7 Qb6 32.Rc2 Qd8 33.Qxd8+ Rxd8 34.Rc6 f6 35.Nh4 Nd4 36.Rc7 Kh7 37.g3 d5
38.Kg2 h5 39.Nf3 Ne6 40.Rc6 Nf8 41.Nh4 dxe4 42.dxe4 Rd7 43.Nf5 Ng6 44.h4 Ne7  1/2-1/2

[Event "Chess.com RCC Wk25 Swiss"]
[Site "chess.com INT"]
[Date "2022.08.13"]
[Round "1"]
[White "Tari,A"]
[Black "Nakamura,Hi"]
[Result "0-1"]
[WhiteElo "2672"]
[BlackElo "2768"]

1.e4 c6 2.d4 d5 3.exd5 cxd5 4.Bd3 Nc6 5.c3 g6 6.Nf3 Bg7 7.O-O Bf5 8.Be2 Nf6
9.h3 O-O 10.Bf4 Nd7 11.Nbd2 a6 12.Re1 b5 13.a3 Nb6 14.Nb3 Nc4 15.Bxc4 bxc4
16.Nc5 Qb6 17.Qd2 Rfe8 18.Bh6 Bh8 19.Nh4 Bc8 20.f4 e6 21.Re2 Ra7 22.Rae1 Rae7
23.Nf3 f6 24.Kh1 Nd8 25.f5 gxf5 26.Qf4 Qc7 27.Qh4 Nf7 28.Bf4 e5 29.Bh2 Bg7
30.Qh5 Qc6 31.Nh4 Nd6 32.Re3 a5 33.Bf4 Rf8 34.Rg3 exf4 35.Rxe7 fxg3 36.Nf3 Re8
37.Rxe8+ Qxe8 38.Qh4 Ne4 39.Qf4 Bf8 40.Nxe4 fxe4 41.Qxg3+ Kh8 42.Ng1 e3 43.Ne2 Bf5
44.Qf4 Bd3  0-1

[Event "Chess.com RCC Wk25 Swiss"]
[Site "chess.com INT"]
[Date "2022.08.13"]
[Round "2"]
[White "Nakamura,Hi"]
[Black "Bortnyk,Olexandr"]
[Result "1-0"]
[WhiteElo "2768"]
[BlackElo "2604"]

1.e4 Nf6 2.e5 Nd5 3.c4 Nb6 4.d4 d6 5.f4 dxe5 6.fxe5 Bf5 7.Nc3 e6 8.Nf3 Bb4
9.Be2 c5 10.a3 Bxc3+ 11.bxc3 Nc6 12.O-O O-O 13.Be3 Rc8 14.Qe1 Na5 15.dxc5 Nbxc4
16.Bd4 Nb2 17.Qg3 Nb3 18.Rae1 Na4 19.Bd1 Naxc5 20.Re3 b6 21.h3 Nxd4 22.cxd4 Ne4
23.Qe1 Ng5 24.Nxg5 Qxg5 25.d5 Rc1 26.Qf2 Rd8 27.d6 f6 28.Rg3 Qh6 29.Bb3 Rxf1+
30.Qxf1 Kh8 31.Qc4 fxe5 32.Qc7 Qf6 33.Rxg7 e4 34.Rg3 Bg6 35.Kh2 e3 36.Bc4 e5
37.d7 Qe7 38.Bb5 a6 39.Bc6 e2 40.Re3 e4 41.Rxe2 Bf5 42.Qxb6 Qd6+ 43.g3 Rxd7
44.Qb2+ Rg7 45.Qc3 Qd3 46.Qe1 Re7 47.Rd2 Qxa3 48.Qf2 e3 49.Qxf5 Rf7 50.Rd8+  1-0

[Event "Chess.com RCC Wk25 Swiss"]
[Site "chess.com INT"]
[Date "2022.08.13"]
[Round "4"]
[White "Nakamura,Hi"]
[Black "Kovalev,Vl"]
[Result "1-0"]
[WhiteElo "2768"]
[BlackElo "2623"]

1.e4 e5 2.Nf3 Nc6 3.d4 exd4 4.Nxd4 Nf6 5.Nc3 Bb4 6.Nxc6 bxc6 7.Bd3 O-O 8.O-O d5
9.exd5 cxd5 10.Bg5 c6 11.Na4 h6 12.Bh4 Rb8 13.c3 Bd6 14.Bc2 Re8 15.Re1 Rxe1+
16.Qxe1 Bd7 17.Bg3 Bxg3 18.hxg3 Qc7 19.b4 Re8 20.Qd2 Qe5 21.Nc5 Bc8 22.Ba4 Qd6
23.Qf4 Qxf4 24.gxf4 Re2 25.Kf1 Rb2 26.Ke1 Bf5 27.Bd1 d4 28.cxd4 Rxb4 29.Nb3 Nd5
30.g3 Ra4 31.Kd2 Nb4 32.Kc3 Nd5+ 33.Kb2 Nb6 34.Bf3 Be6 35.Bxc6 Rb4 36.Ka3 a5
37.Nxa5 Rxd4 38.Nb3 Rd6 39.Bb5 g5 40.fxg5 hxg5 41.Rc1 Kg7 42.Rc5 Kf6 43.Kb2 Rd1
44.Rc6 Nd5 45.Be2 Rg1 46.Nc5 Rg2 47.Nd3 Kg7 48.Bf3 Rh2 49.a4 Bf5 50.Bxd5 Bxd3
51.Kc3 Bf1 52.f3 g4 53.Rc7 Rf2 54.Rxf7+ Kg6 55.Rf4 Kg5 56.Rxg4+  1-0

[Event "Chess.com RCC Wk25 Swiss"]
[Site "chess.com INT"]
[Date "2022.08.13"]
[Round "6"]
[White "Nakamura,Hi"]
[Black "Sevian,Samuel"]
[Result "1/2-1/2"]
[WhiteElo "2768"]
[BlackElo "2684"]

1.Nf3 d5 2.e3 Nf6 3.c4 c6 4.b3 Bg4 5.Bb2 e6 6.Be2 Nbd7 7.O-O Bd6 8.Nd4 Bxe2
9.Qxe2 O-O 10.d3 Re8 11.e4 Be5 12.Re1 Qc7 13.g3 dxe4 14.dxe4 Rad8 15.Nd2 Nc5
16.N2f3 Bxd4 17.Bxd4 Ncxe4 18.Rad1 c5 19.Be5 Qa5 20.Qc2 Rxd1 21.Rxd1 Rd8
22.Rxd8+ Qxd8 23.g4 Nd6 24.Qd3 Nfe8 25.h3 b6 26.Bf4 f6 27.Nd2 Qd7 28.Ne4 e5
29.Bg3 Qc6 30.Nc3 Nc7 31.f4 e4 32.Qd2 Ne6 33.f5 Nd4 34.Qf4 Nf3+ 35.Kf1 Ne5
36.Qe3 Qe8 37.Qd2 Ndf7 38.Qd5 Nf3 39.Kg2 Nd4 40.Nxe4 h6 41.Bf2 Kh7 42.Bxd4 cxd4
43.Qxd4 Qe7 44.h4 Qa3 45.Qd2 Qe7 46.Qe2 Qd7 47.Qd2 Qe7 48.Qd5 Ne5 49.g5 hxg5
50.hxg5 fxg5 51.Qd6 Qxd6 52.Nxd6 Nd7 53.b4 g6 54.Nc8 gxf5 55.Nxa7 Kg6 56.a4 f4
57.Nc6 Kf5 58.a5 bxa5 59.bxa5 Nc5 60.Nb4 g4 61.a6 f3+ 62.Kg1 Nxa6 63.Nxa6 Ke4
64.Nb4 Kd4 65.Nc6+ Kxc4 66.Ne5+ Kd4 67.Nxg4 f2+ 68.Kxf2  1/2-1/2

[Event "Chess.com RCC Wk25 Swiss"]
[Site "chess.com INT"]
[Date "2022.08.13"]
[Round "8"]
[White "Bok,B"]
[Black "Nakamura,Hi"]
[Result "1/2-1/2"]
[WhiteElo "2616"]
[BlackElo "2768"]

1.d4 Nf6 2.c4 e6 3.Nc3 Bb4 4.Qc2 O-O 5.a3 Bxc3+ 6.Qxc3 d5 7.Bg5 h6 8.Bxf6 Qxf6
9.Nf3 dxc4 10.Qxc4 Nc6 11.Qc3 Re8 12.Rd1 e5 13.d5 Nb8 14.e3 Bg4 15.Be2 Nd7
16.O-O Qd6 17.h3 Bxf3 18.Bxf3 Nf6 19.e4 Re7 20.Rd3 Ne8 21.Rc1 Qd8 22.Qc2 Nd6
23.a4 a5 24.Rc3 Ne8  1/2-1/2

[Event "Chess.com RCC Wk25 Swiss"]
[Site "chess.com INT"]
[Date "2022.08.13"]
[Round "9"]
[White "Nakamura,Hi"]
[Black "Grischuk,A"]
[Result "1/2-1/2"]
[WhiteElo "2768"]
[BlackElo "2745"]

1.e4 c5 2.Nf3 Nc6 3.c3 Nf6 4.e5 Nd5 5.Bc4 e6 6.O-O d6 7.exd6 Bxd6 8.d4 cxd4
9.Nxd4 O-O 10.Re1 Qc7 11.g3 Nxd4 12.Qxd4 Bc5 13.Qd3 Rd8 14.Qe2 b6 15.Bd3 Bb7
16.Be4 h6 17.Nd2 a5 18.Nb3 a4 19.Nxc5 bxc5 20.c4 Nb4 21.Bf4 Qb6 22.Red1 Nc6
23.Be3 e5 24.Qh5 Nd4 25.Bxb7 Qxb7 26.Bxd4 exd4 27.Qxc5 Qxb2 28.Qb5 a3 29.Rdb1 Qe2
30.Re1 Qf3 31.c5 Rab8 32.Qf1 Rb2 33.Qg2 Qxg2+ 34.Kxg2 Rc8 35.Rec1 d3 36.Rc3 d2
37.Rd1 Rxa2 38.Kf3 Rb2 39.Rxa3 Rxc5 40.Rd3 Rcc2 41.Ke2 g6 42.R1xd2 Rxd2+
43.Rxd2 Rxd2+ 44.Kxd2 Kg7 45.Ke3 Kf6 46.Ke4 Ke6 47.f3 f5+ 48.Kd4 g5 49.f4 Kd6
50.h4 gxh4 51.gxh4 h5 52.Kc4 Kc6 53.Kd4 Kd6 54.Kc4 Kc6 55.Kd4 Kd6  1/2-1/2

[Event "Chess.com RCC Wk25 KO"]
[Site "chess.com INT"]
[Date "2022.08.14"]
[Round "1.1"]
[White "Bok,B"]
[Black "Nakamura,Hi"]
[Result "1/2-1/2"]
[WhiteElo "2616"]
[BlackElo "2768"]

1.d4 Nf6 2.c4 e6 3.g3 d5 4.Bg2 Be7 5.Nf3 O-O 6.O-O dxc4 7.Qc2 b5 8.a4 Bb7
9.axb5 a6 10.bxa6 Nxa6 11.Qxc4 Bd5 12.Qc3 c5 13.Be3 Ne4 14.Qc1 cxd4 15.Bxd4 Nb4
16.Rxa8 Qxa8 17.Nc3 Nxc3 18.bxc3 Nc6 19.Rd1 Rc8 20.Qa1 Nxd4 21.cxd4 Bxf3
22.Bxf3 Qxa1 23.Rxa1 Bf6 24.e3 g6 25.Kg2 Rc7 26.Ra6 Kg7 27.Bc6 Rc8 28.Kf3 Rc7
29.Ke4 Rc8 30.Kd3 Rd8 31.Ra7 Kf8 32.Ke4 Be7 33.f4 Rc8 34.Ra8 Rxa8 35.Bxa8 Ba3
36.Kd3  1/2-1/2

[Event "Chess.com RCC Wk25 KO"]
[Site "chess.com INT"]
[Date "2022.08.14"]
[Round "1.2"]
[White "Nakamura,Hi"]
[Black "Bok,B"]
[Result "1/2-1/2"]
[WhiteElo "2768"]
[BlackElo "2616"]

1.Nf3 d5 2.e3 Nf6 3.c4 e6 4.Nc3 c5 5.cxd5 exd5 6.d4 Nc6 7.Be2 c4 8.O-O Bb4
9.Bd2 O-O 10.Ne5 Be6 11.Nxc6 bxc6 12.b3 cxb3 13.axb3 c5 14.dxc5 Bxc5 15.Na4 Bd6
16.Bc3 Ne4 17.Bd4 Qh4 18.f4 Rfb8 19.Bf3 Qe7 20.Nc3 Nxc3 21.Bxc3 Bc5 22.Bd4 Bxd4
23.Qxd4 Rb4 24.Qe5 f6 25.Qc3 Rc8 26.Qd3 Qb7 27.Ra3 Bf7 28.Rfa1 a5 29.h4 h6
30.h5 Kh8 31.Kh2 Qb6 32.Qd2 Re8 33.Rxa5 Rxb3 34.Bxd5 Bxd5 35.Rxd5 Rbxe3 36.Rd1 Re2
37.Qd3 Qf2 38.Qg3 Qxg3+ 39.Kxg3 R8e3+ 40.Kh2 Rf2 41.R1d3 Rxd3 42.Rxd3 Rxf4
43.Kh3 Rf5 44.g4 Rg5 45.Rd8+ Kh7 46.Rf8 Re5 47.Kh4 Re3 48.Ra8 Re4 49.Kg3 Rd4
50.Rb8 Rc4 51.Ra8 Rc3+ 52.Kf4 Rc5 53.Rb8 Rc4+ 54.Kg3 Rd4 55.Ra8 Rd3+ 56.Kf4 Rd4+
57.Kg3 Rd5 58.Kf4 Rd1 59.Rb8 Rf1+ 60.Kg3 Rd1 61.Ra8 Rd5 62.Rb8 f5 63.gxf5 Rxf5
64.Kg4 Rg5+ 65.Kh4 Rg1 66.Ra8 Rf1 67.Rb8 Rf4+ 68.Kg3 Ra4 69.Rc8 Ra3+ 70.Kg4 Ra4+
71.Kg3 Rb4 72.Rd8 Rc4 73.Ra8 Rc3+ 74.Kg4 Rc4+ 75.Kg3 Rc5 76.Kg4 Rg5+ 77.Kh4 Re5
78.Kg4 Rg5+ 79.Kh4 Rb5 80.Kg4 Rb4+ 81.Kg3 Rb5 82.Kg4  1/2-1/2

[Event "Chess.com RCC Wk25 KO"]
[Site "chess.com INT"]
[Date "2022.08.14"]
[Round "1.3"]
[White "Bok,B"]
[Black "Nakamura,Hi"]
[Result "0-1"]
[WhiteElo "2616"]
[BlackElo "2768"]

1.d4 Nf6 2.c4 e6 3.g3 d5 4.Bg2 Bb4+ 5.Nd2 O-O 6.Nf3 dxc4 7.Qc2 c5 8.dxc5 c3
9.bxc3 Bxc5 10.O-O h6 11.Nb3 Bd6 12.Rd1 Qc7 13.c4 Nc6 14.c5 Be7 15.Bb2 Bd7
16.Rab1 Rfd8 17.Nbd4 Nxd4 18.Bxd4 Bc6 19.Qb2 Be4 20.Rbc1 Rd5 21.Ne1 Bxg2
22.Nxg2 Rad8 23.Ne3 R5d7 24.Bxf6 Bxf6 25.Qa3 Bd4 26.Kg2 Bxe3 27.Rxd7 Bxc1
28.Rxd8+ Qxd8 29.Qxc1 Qd5+ 30.Kg1 Qxa2 31.Qe3 a5 32.Qd3 Qd5 33.Qa3 Qd2 34.Qa4 Qxe2
35.Qxa5 Kh7 36.Qb6 Qe1+ 37.Kg2 Qe4+ 38.Kg1 Qc6 39.Qb4 f5 40.Qd4 Qd5 41.Qe3 e5
42.Qc3 f4 43.gxf4 exf4 44.Qc2+ Kh8 45.Kf1 Qh1+ 46.Ke2 Qxh2 47.Qe4 Qh5+ 48.Kf1 Qxc5
49.Qe8+ Kh7 50.Qe4+ Kg8 51.Qe6+ Kf8 52.Qd7 Qc4+ 53.Kg2 Qc6+  0-1

[Event "Chess.com RCC Wk25 KO"]
[Site "chess.com INT"]
[Date "2022.08.14"]
[Round "2.1"]
[White "So,W"]
[Black "Nakamura,Hi"]
[Result "1-0"]
[WhiteElo "2773"]
[BlackElo "2768"]

1.e4 e5 2.Nf3 Nc6 3.Bc4 Nf6 4.d3 Bc5 5.O-O d6 6.c3 a6 7.Re1 h6 8.Nbd2 Ba7
9.Bb3 O-O 10.Nf1 Re8 11.h3 Be6 12.Bc2 d5 13.exd5 Nxd5 14.Ng3 Qd6 15.Nh4 Rad8
16.Nhf5 Bxf5 17.Nxf5 Qf6 18.Qg4 h5 19.Qg5 Qxg5 20.Bxg5 f6 21.Bd2 g6 22.Ng3 Kg7
23.a4 Nf4 24.Bxf4 exf4 25.Ne4 Re7 26.d4 Rde8 27.Kf1 Bxd4 28.cxd4 Nb4 29.Rec1 Nxc2
30.Rxc2 Rxe4 31.Rxc7+ R8e7 32.Rxe7+ Rxe7 33.Rd1 Kf7 34.d5 Re4 35.d6 Ke8 36.d7+ Kd8
37.b3 Re6 38.h4 g5 39.hxg5 fxg5 40.Rd5 Rb6 41.Rxg5 Rxb3 42.Rxh5 f3 43.gxf3 Rxf3
44.Rd5 b5 45.axb5 axb5 46.Ke2 Rf6 47.Rxb5 Re6+ 48.Kf3 Kxd7 49.Kf4 Re2 50.Kf3 Re6
51.Rb4 Rf6+ 52.Rf4 Rh6 53.Re4 Rf6+ 54.Kg3 Rg6+ 55.Kh4 Rf6 56.f4 Rf8 57.Kg5 Rg8+
58.Kh6 Rg4 59.Kh5 Rg8 60.f5  1-0

[Event "Chess.com RCC Winners"]
[Site "chess.com INT"]
[Date "2022.08.18"]
[Round "1.1"]
[White "Nakamura,Hi"]
[Black "Maghsoodloo,Parham"]
[Result "1-0"]
[WhiteElo "2768"]
[BlackElo "2701"]

1.Nf3 c5 2.e3 Nf6 3.b3 b6 4.Bb2 Bb7 5.g3 e6 6.Bg2 Be7 7.O-O O-O 8.Qe2 Qc7
9.c4 Nc6 10.Nc3 Rad8 11.Rfd1 Rfe8 12.Rac1 Qb8 13.d4 cxd4 14.Nxd4 Rc8 15.Qf1 Red8
16.Rd2 h5 17.Rcd1 Ne5 18.h3 a6 19.f4 Ng6 20.Bxb7 Qxb7 21.Qg2 Qb8 22.g4 Bb4
23.gxh5 Nxh5 24.f5 exf5 25.Nxf5 Qe5 26.Rd5 Qe6 27.Ne4 Bf8 28.Qg4 Nhf4 29.Ng5 Nxd5
30.Qh5 Bc5 31.Qh7+ Kf8 32.Qxg7+ Ke8 33.Qg8+ Bf8 34.Rxd5 Ne7 35.Ng7+  1-0

[Event "Chess.com RCC Winners"]
[Site "chess.com INT"]
[Date "2022.08.18"]
[Round "1.2"]
[White "Maghsoodloo,Parham"]
[Black "Nakamura,Hi"]
[Result "1/2-1/2"]
[WhiteElo "2701"]
[BlackElo "2768"]

1.d4 Nf6 2.c4 e6 3.Nf3 d5 4.g3 Be7 5.Bg2 O-O 6.O-O dxc4 7.Qc2 b5 8.a4 Bb7
9.axb5 a6 10.Nc3 axb5 11.Rxa8 Bxa8 12.Nxb5 Bd5 13.Bf4 c5 14.dxc5 Qa5 15.Nc3 Qxc5
16.Be3 Qa5 17.Nxd5 Nxd5 18.Bg5 Rc8 19.Bxe7 Nxe7 20.Nd2 c3 21.Rc1 Qa6 22.bxc3 Qxe2
23.Bf3 Qa6 24.c4 Nbc6 25.c5 Nd4 26.Qe4 Qa3 27.Rc4 Nxf3+ 28.Qxf3 Qxf3 29.Nxf3 Nc6
30.Ra4 f6 31.Nd2 Ne5 32.Ne4 h6 33.f4 Nd7 34.Rd4 f5 35.Rxd7 fxe4 36.Re7 Rc6  1/2-1/2

[Event "Chess.com RCC Winners"]
[Site "chess.com INT"]
[Date "2022.08.18"]
[Round "2.1"]
[White "Nakamura,Hi"]
[Black "Sarana,A"]
[Result "1-0"]
[WhiteElo "2768"]
[BlackElo "2662"]

1.Nf3 d5 2.e3 c5 3.b3 Nc6 4.Bb5 f6 5.c4 d4 6.b4 e5 7.bxc5 Bxc5 8.exd4 Bxd4
9.Nxd4 Qxd4 10.Nc3 Ne7 11.Ba3 a6 12.Ba4 Qxc4 13.Rc1 b5 14.Bb3 Qg4 15.Nd5 Qe4+
16.Ne3 b4 17.Rc4 Nd4 18.d3 Qb7 19.Rxb4 Nb5 20.Qh5+ Ng6 21.O-O Bd7 22.Bb2 a5
23.Bd5 Bc6 24.Qf3 Bxd5 25.Nxd5 Kf7 26.Rxb5 Qxb5 27.Nc7 Qxb2 28.Qd5+ Kf8 29.Qxa8+ Ke7
30.Nd5+ Kd6 31.Qxa5 Rb8 32.Ne3 Qb5 33.Qa3+ Ke6 34.g3 Ne7 35.Rc1 Nd5 36.Nc4 Rd8
37.d4 e4 38.Ne3 Kf7 39.Rc5 Qb1+ 40.Kg2 Nxe3+ 41.Qxe3 Qd3 42.Qf4 Rxd4 43.Rc7+ Kf8
44.Rc8+ Kf7 45.Rc7+ Kf8 46.Qg4 Qf3+ 47.Qxf3 exf3+ 48.Kxf3 Ra4 49.Rc2 Ke7
50.Rd2 Ke6 51.Ke2 h5 52.Kd1 h4 53.Kc1 Kf5 54.Kb2 Ke4 55.Kb3 Ra8 56.gxh4 Kf3
57.a4 f5 58.Ra2 f4 59.a5 Kg2 60.Kc4 Kxh2 61.Kd4 Kh3 62.Ke4 Kxh4 63.Kxf4 g5+
64.Ke4 g4 65.a6 Kh3 66.a7 Kh4 67.Kd5 Kh3 68.Kc6 Kg2 69.Kb7 Re8 70.a8=Q Rxa8
71.Kxa8 g3 72.fxg3+ Kxg3  1-0

[Event "Chess.com RCC Winners"]
[Site "chess.com INT"]
[Date "2022.08.18"]
[Round "2.2"]
[White "Sarana,A"]
[Black "Nakamura,Hi"]
[Result "1/2-1/2"]
[WhiteElo "2662"]
[BlackElo "2768"]

1.d4 Nf6 2.c4 e6 3.Nc3 Bb4 4.e3 O-O 5.Bd3 c5 6.a3 Bxc3+ 7.bxc3 Nc6 8.Rb1 b6
9.e4 d6 10.Ne2 e5 11.d5 Ne7 12.f3 Ne8 13.O-O f5 14.f4 fxe4 15.Bxe4 Nf6 16.Bc2 e4
17.Ng3 Bg4 18.Qe1 Nf5 19.h3 Nxg3 20.Qxg3 Be2 21.Re1 Bxc4 22.f5 Qd7 23.Bg5 Qxf5
24.Bxf6 Qxf6 25.Rxe4 Bxd5 26.Rh4 h6 27.Rd1 Rae8 28.Rxd5 Qf1+ 29.Kh2 Re1 30.Qg6 Qg1+
31.Kg3 Qf2+ 32.Kh2 Qg1+ 33.Kg3 Qf2+ 34.Kh2 Qg1+  1/2-1/2

[Event "Chess.com RCC Winners"]
[Site "chess.com INT"]
[Date "2022.08.19"]
[Round "3.2"]
[White "So,W"]
[Black "Nakamura,Hi"]
[Result "0-1"]
[WhiteElo "2773"]
[BlackElo "2768"]

1.e4 e5 2.Nf3 Nc6 3.Bc4 Nf6 4.d3 Bc5 5.Nc3 a6 6.O-O d6 7.a4 Be6 8.Nd5 h6
9.c3 Ba7 10.Be3 Bxe3 11.fxe3 Bxd5 12.exd5 Ne7 13.e4 Ng6 14.a5 O-O 15.b4 c6
16.Qb3 Qc7 17.dxc6 bxc6 18.Nd2 Rfd8 19.Qa2 d5 20.Bb3 Nf4 21.Kh1 Nxd3 22.g3 Qa7
23.exd5 cxd5 24.Nf3 Qe3 25.Rad1 Rac8 26.Bc2 e4 27.Bxd3 exd3 28.Rde1 Qa7 29.Nd4 Rxc3
30.Nf5 Rc2 31.Qa1 d4 32.Kg1 Qb7  0-1

[Event "Chess.com RCC Winners"]
[Site "chess.com INT"]
[Date "2022.08.19"]
[Round "3.1"]
[White "Nakamura,Hi"]
[Black "So,W"]
[Result "1/2-1/2"]
[WhiteElo "2768"]
[BlackElo "2773"]

1.d4 Nf6 2.c4 g6 3.Nf3 Bg7 4.e3 O-O 5.Be2 c5 6.d5 d6 7.Nc3 e6 8.O-O exd5
9.cxd5 Re8 10.Nd2 Na6 11.e4 Rb8 12.Re1 Bd7 13.Bf1 Nc7 14.a4 a6 15.Nc4 b5
16.axb5 axb5 17.Nxd6 Bg4 18.Nxf7 Kxf7 19.f3 b4 20.d6 bxc3 21.Ra7 Kf8 22.dxc7 Qxd1
23.Rxd1 Rbc8 24.fxg4 Nxe4 25.bxc3 Nxc3 26.Rd3 Bd4+ 27.Kh1 Re1 28.Rf3+ Ke7
29.Bd2 Rd1 30.Bxc3 Bxc3 31.g3 Be5 32.Kg2 Rxc7 33.Rxc7+ Bxc7 34.Bc4 Rd7 35.g5 Be5
36.h4 Rd2+ 37.Kh3 Rc2 38.Bg8 Rc3 39.Rf7+ Kd6 40.Kg2 Rxg3+ 41.Kf1 c4 42.Bxh7 Rg4
43.Bxg6 Rxh4 44.Bf5 c3 45.g6 Rh1+ 46.Ke2 Rh2+ 47.Kd1 Rd2+ 48.Kc1 Rf2 49.Bc2 Rxf7
50.gxf7 Ke7 51.Bb3 Kf8 52.Kc2 Bf6 53.Ba2 Bg7 54.Bb3 Ke7 55.Ba2 Bf6 56.Bb3 Kf8
57.Ba2 Ke7 58.Bb3 Kf8  1/2-1/2

[Event "Chess.com RCC Winners"]
[Site "chess.com INT"]
[Date "2022.08.20"]
[Round "4.3"]
[White "Nepomniachtchi,I"]
[Black "Nakamura,Hi"]
[Result "1-0"]
[WhiteElo "2792"]
[BlackElo "2768"]

1.d4 Nf6 2.c4 e6 3.Nf3 d5 4.g3 Be7 5.Bg2 O-O 6.O-O dxc4 7.Qa4 a6 8.Qxc4 b5
9.Qc2 Bb7 10.Bd2 Be4 11.Qc1 c6 12.a4 Nbd7 13.Nc3 Bg6 14.Nh4 Rc8 15.Nxg6 hxg6
16.Rd1 Nb6 17.Be1 Qc7 18.axb5 axb5 19.Ra6 Qb7 20.Ra5 Qb8 21.Qc2 Rfd8 22.e3 e5
23.dxe5 Qxe5 24.Ra6 Rxd1 25.Nxd1 Qb8 26.Nc3 Qb7 27.Ra1 Qd7 28.Rd1 Qe8 29.Qb3 b4
30.Na4 Nxa4 31.Qxa4 c5 32.Qxe8+ Nxe8 33.Rd7 Kf8 34.b3 g5 35.Kf1 g4 36.Ke2 g6
37.Ra7 Nd6 38.Bd5 Rd8 39.e4 Nb5 40.Rb7 Nd4+ 41.Kf1 Nf3 42.Ra7 Nxh2+ 43.Ke2 Nf3
44.Bd2 Nxd2 45.Kxd2 Re8 46.Kd3 Rd8 47.Kc4 f6 48.Rb7 Re8 49.Rd7 Rd8 50.Ra7 Re8
51.Be6 Rd8 52.Bd7 Kf7 53.Kd5 g5 54.Rb7 Ra8 55.Be6+ Kf8 56.Bxg4 Ra6 57.Rd7 Ke8
58.f4 gxf4 59.gxf4 Ra2 60.Rb7 Ra6 61.e5 fxe5 62.fxe5 Kf8 63.Be6 c4 64.bxc4 Ra5+
65.Ke4 Bc5 66.Kf5 Ra7 67.Rb5 Rc7 68.Bd5 Ke7 69.Rb8 Ra7 70.Rh8 Bd4 71.Rh7+ Kd8
72.Rh4 Bc5 73.Rh3 Ra3 74.Rh8+ Kd7 75.Rb8 Ra1 76.Rb7+ Kc8 77.Rb5 Bd4 78.e6 Rf1+
79.Kg6 Rg1+ 80.Kf7 Rf1+ 81.Ke8 b3 82.Rxb3 Bc5 83.Bb7+ Kc7 84.Bf3 Re1 85.Bd5 Rf1
86.Rb7+ Kd6 87.e7 Ke5  1-0